Gaffe clamorose in quiz televisivi - Dai la risposta giusta - Statistics

Statistiche generali
  • Questo quiz è stato fatto 79 volte
  • Il punteggio medio è 6 su 10
Statistiche sulle risposte
Hint Risposta % Corretto
Mo je faccio er… Cucchiaio
82%
Che lingua si parla in Slovenia? Sloveno
82%
In che regione si trova il versante italiano del Monte Bianco? Valle d'Aosta
80%
In quale anno Hitler venne nominato cancelliere? 1933
77%
Le amazzoni vinsero battaglie grazie alla loro… Foga
59%
Città della Florida Orlando
55%
Fa schiuma ma non è sapone Birra
43%
Vero nome di San Paolo Saulo
31%
Sinonimo di Formosa Taiwan
31%
Chi pubblicò nel 1638 "Modo per imparare a sonare di tromba" (inserire il cognome)? Fantini
16%
Nessun quiz corrispondente trovato
Distribuzione punteggi
Percentuale di utenti per punteggio
Percentile per numero di risposta
I tuoi punteggi nel tempo
Non hai fatto questo quiz